| 000 | 00637nam a2200193Ia 4500 | ||
|---|---|---|---|
| 008 | 090123s9999 xx 000 0 und d | ||
| 082 |
_b27229 _a891.463/अॅगाथा |
||
| 100 | _aअॅगाथा खिस्ती | ||
| 245 | _aखुनशी वारसा | ||
| 250 | _a1 | ||
| 260 |
_bनिशीगंध प्रकाशन _c1997 |
||
| 300 | _a240 | ||
| 600 | _aअॅगाथा खिस्ती | ||
| 630 | _aखुनशी वारसा | ||
| 700 | _aअॅगाथा खिस्ती | ||
| 700 | _aभावे अपर्णा | ||
| 730 | _aखुनशी वारसा | ||
| 942 | _cBOOK | ||
| 999 |
_c65511 _d65511 |
||